000 00529nam a2200169 i 4500
001 63993
003 ES-MaACL
005 20230906165022.0
007 t|
008 031218s1972 sp ||||1| spa d
100 1 _aFirkel Haering, Wilhem.
_950955
245 1 3 _aLa sexualidad en el amor /
_cW. Firkel Haering ; [traducción de Francisco L. Robledo].
260 _aBarcelona :
_bCedro,
_c[1972]
300 _a360 p., 61 lám. :
_bil. ;
_c23 cm.
700 1 _aRobledo, Francisco L.
_997915
852 _aES-MaACL
_jC-49400
_bR.84227
999 _c63993
_d63993